Cost of living in the United States ... May, 1924. (Record no. 35748)

MARC details
000 -LEADER
fixed length control field 01219cam a22002651 4500
001 - CONTROL NUMBER
control field l 24000181
003 - CONTROL NUMBER IDENTIFIER
control field DLC
005 - DATE AND TIME OF LATEST TRANSACTION
control field 20260227111529.0
008 - FIXED-LENGTH DATA ELEMENTS--GENERAL INFORMATION
fixed length control field 810324s1924 dcu s f001 0 eng c
010 ## - LIBRARY OF CONGRESS CONTROL NUMBER
LC control number l 24000181
035 ## - SYSTEM CONTROL NUMBER
System control number (OCoLC)7254969
040 ## - CATALOGING SOURCE
Original cataloging agency U.S. Dept. of Labor Library
Transcribing agency MChB
Modifying agency DLC
042 ## - AUTHENTICATION CODE
Authentication code premarc
043 ## - GEOGRAPHIC AREA CODE
Geographic area code n-us---
050 00 - LIBRARY OF CONGRESS CALL NUMBER
Classification number HD8051
Item number .A62 no. 357
110 1# - MAIN ENTRY--CORPORATE NAME
Corporate name or jurisdiction name as entry element United States.
Subordinate unit Bureau of Labor Statistics.
245 10 - TITLE STATEMENT
Title Cost of living in the United States ... May, 1924.
260 ## - PUBLICATION, DISTRIBUTION, ETC.
Place of publication, distribution, etc. Washington,
Name of publisher, distributor, etc. Govt. print. off.,
Date of publication, distribution, etc. 1924.
300 ## - PHYSICAL DESCRIPTION
Extent iii, 466 p.
Other physical details incl. tables.
Dimensions 23 cm.
490 0# - SERIES STATEMENT
Series statement Bulletin of the United States Bureau of Labor Statistics,
Volume/sequential designation no. 357. Retail prices and cost of living series
500 ## - GENERAL NOTE
General note At head of title: U.S. Department of Labor. James J. Davis, secretary. Bureau of Labor Statistics. Ethelbert Stewart, commissioner.
500 ## - GENERAL NOTE
General note Issued also as House doc. 233, 68th Cong., 1st sess.
500 ## - GENERAL NOTE
General note Results of an investigation into the cost of livng in 92 industrial centers in the United States, made in 1918-1919. Tables showing changes in cost of living up to December, 1923, are added.
650 #0 - SUBJECT ADDED ENTRY--TOPICAL TERM
Topical term or geographic name entry element Cost and standard of living
Geographic subdivision United States.

No items available.

Powered by Koha